LIBRARY & INFORMATION CENTRE, KCAET, TAVANUR

ONLINE PUBLIC ACCESS CATALOGUE (OPAC)

Physical Science Vol.1, Physics / (Record no. 147)

MARC details
000 -LEADER
fixed length control field 00583cam a2200241ua 4500
041 ## - LANGUAGE CODE
Language code of text/sound track or separate title eng
082 ## - DEWEY DECIMAL CLASSIFICATION NUMBER
Classification number 530
Item number GOV/PH
100 ## - MAIN ENTRY--AUTHOR NAME
Personal name Govinda Rajan, S R .
245 ## - TITLE STATEMENT
Title Physical Science Vol.1, Physics /
250 ## - EDITION STATEMENT
Edition statement 1 /
260 ## - PUBLICATION, DISTRIBUTION, ETC. (IMPRINT)
Place of publication Chennai :
Name of publisher The National Publishing Co ,
Year of publication 1964.
300 ## - PHYSICAL DESCRIPTION
Number of Pages 363 ; .
650 ## - SUBJECT ADDED ENTRY--TOPICAL TERM
Topical Term Physics
700 1# - ADDED ENTRY--PERSONAL NAME
Personal name Murugaiyan, T .
942 ## - ADDED ENTRY ELEMENTS (KOHA)
Koha item type Books
Holdings
Withdrawn status Lost status Damaged status Home library Current library Date acquired Full call number Accession Number Koha item type Public note
Withdrawn     KAUAET KAUAET 07/04/2012 530 7681 Books  
Withdrawn     KAUAET Sanskrit University 07/04/2012 530 7677 Books Transferred to Sanskrit University
Withdrawn     KAUAET Sanskrit University 07/04/2012 530 7678 Books Transferred to Sanskrit University
free website counter